000 01055nam a22003137a 4500
001 991041074969706706
003 ES-BaIT
005 20251002084821.0
008 120124s2010 spc 000 d spa c
020 _a9788424903428
035 _a(ES-BaCBU).b5196806x
040 _aES-BaCBU
_bcat
_cES-BaCBU
080 _a875-2"-04"
080 _a821.14'02
100 0 _aSòfocles,
_daproximadament 496 aC-406 aC
_966725
240 1 _aAntígona.
_l Castellà
_9160905
245 1 0 _aAntígona /
_cSófocles ; presentación de María Rosa Lida ; traducción de Assela Alamillo
260 _aMadrid :
_bGredos,
_c2010
300 _a126 p. ;
_c22 cm
500 _aP9: D3, H6 i altres
505 8 _aInclou: apèndix de la vida i obra de Sòfocles
700 1 _aLida de Malkiel, María Rosa
_eprol.
_929329
700 1 _aAlamillo, Assela
_etrad.
_9160703
830 _aBiblioteca básica Gredos
_9105869
907 _a.b5196806x
_b11-12-19
_c24-01-12
_d24-01-12
_em
_fa
_g-
_hspa
_isp
_j0
_k0
908 _aUPF
_aURL
_aCDMAE
940 _aCVA2
942 _2udc
_c1
999 _c136614
_d136614